Catalog

Record Details

Catalog Search



Stranger things. Six, #2  Cover Image Book Book

Stranger things. Six, #2 / script: Jody Houser ; pencils: Edgar Salazar ; inks: Keith Champagne ; colors: Marissa Louise ; lettering: Nate Piekos of Blambot.

Houser, Jody, (author.). Salazar, Edgar, 1973- (penciler.). Champagne, Keith, (inker.). Louise, Marissa, (colorist.). Piekos, Nate, (letterer.). Netflix (Firm) (Added Author). Dark Horse Books. (Added Author).

Summary:

"A teenage girl with precognitive abilities ends up as the pawn of a government agency that wants to harness her powers for its own ends."--Provided by publisher.

Record details

  • ISBN: 9781532144417
  • ISBN: 1532144415
  • Physical Description: 1 volume (unpaged) : color illustrations ; 27 cm
  • Edition: Reinforced library bound edition.
  • Publisher: Minneapolis, Minnesota : Spotlight, a division of ABDO / Dark Horse Books, 2020.

Content descriptions

General Note:
Chiefly color illustrations.
"Published by agreement with Dark Horse Comics." -- Title page verso.
Subject: Missing children > Comic books, strips, etc. > Juvenile fiction.
Parapsychology > Comic books, strips, etc. > Juvenile fiction.
Human experimentation in medicine > Comic books, strips, etc. > Juvenile fiction.
Disappearances (Parapsychology) > Comic books, strips, etc. > Juvenile fiction.
Monsters > Comic books, strips, etc. > Juvenile fiction.
Genre: Science fiction comics.
Comics (Graphic works)
Graphic novels.

Available copies

  • 1 of 1 copy available at scottsboropl.

Holds

  • 0 current holds with 1 total copy.
Show Only Available Copies
Location Call Number / Copy Notes Barcode Shelving Location Status Due Date
scottsboropl YA GN Hou 32269001151102 Young Adult - Graphic Novel Available -

LDR 02377cam a2200517Ii 4500
001153972
003CONS
00520200330072542.0
008191003t20202020mnua j 000 1 eng d
020 . ‡a9781532144417 ‡q(hardcover)
020 . ‡a1532144415 ‡q(hardcover)
035 . ‡a(CPomAG)LMN617712
08204. ‡a741.5973 ‡223
1001 . ‡aHouser, Jody, ‡eauthor.
24510. ‡aStranger things. ‡pSix, ‡n#2 / ‡cscript: Jody Houser ; pencils: Edgar Salazar ; inks: Keith Champagne ; colors: Marissa Louise ; lettering: Nate Piekos of Blambot.
2463 . ‡a6, ‡nnumber two
2463 . ‡aSix, 2
2461 . ‡iAt head of title: ‡aNetflix
250 . ‡aReinforced library bound edition.
264 1. ‡aMinneapolis, Minnesota : ‡bSpotlight, a division of ABDO / Dark Horse Books, ‡c2020.
300 . ‡a1 volume (unpaged) : ‡bcolor illustrations ; ‡c27 cm
336 . ‡astill image ‡bsti ‡2rdacontent
336 . ‡atext ‡btxt ‡2rdacontent
337 . ‡aunmediated ‡bn ‡2rdamedia
338 . ‡avolume ‡bnc ‡2rdacarrier
500 . ‡aChiefly color illustrations.
500 . ‡a"Published by agreement with Dark Horse Comics." -- Title page verso.
520 . ‡a"A teenage girl with precognitive abilities ends up as the pawn of a government agency that wants to harness her powers for its own ends."--Provided by publisher.
650 0. ‡aMissing children ‡vComic books, strips, etc. ‡vJuvenile fiction.
650 0. ‡aParapsychology ‡vComic books, strips, etc. ‡vJuvenile fiction.
650 0. ‡aHuman experimentation in medicine ‡vComic books, strips, etc. ‡vJuvenile fiction.
650 0. ‡aDisappearances (Parapsychology) ‡vComic books, strips, etc. ‡vJuvenile fiction.
650 0. ‡aMonsters ‡vComic books, strips, etc. ‡vJuvenile fiction.
655 7. ‡aScience fiction comics. ‡2lcgft
655 7. ‡aComics (Graphic works) ‡2lcgft
655 7. ‡aGraphic novels. ‡2lcgft
7001 . ‡aSalazar, Edgar, ‡d1973- ‡epenciler.
7001 . ‡aChampagne, Keith, ‡einker.
7001 . ‡aLouise, Marissa, ‡ecolorist.
7001 . ‡aPiekos, Nate, ‡eletterer.
7102 . ‡aNetflix (Firm)
7102 . ‡aDark Horse Books.
7300 . ‡iBased on (expression): ‡aStranger things (Television program)
914 . ‡aSCP_LP
959 . ‡i32269001151102 ‡lYA GN Hou ‡aYoung Adult - Graphic Novel ‡tHardback ‡g40.00
852 . ‡p32269001151102 ‡jYA GN Hou ‡gYoung Adult - Graphic Novel ‡cHardback ‡y40.00 ‡bSBPL
901 . ‡a153972 ‡bUnknown ‡c153972 ‡tbiblio

Additional Resources